000 01045nam a22003257a 4500
003 CHAP
005 20220817042918.0
008 971013s1994 r 00010 d
010 _a59675
011 _a60647
035 _a64809
040 _cCHAP
082 _a338
_bP6
100 0 0 _aPozas, María de los Angeles.
_991195
245 _aModernización de la industria y relaciones de trabajo
260 _aMéxico, D. F. :
_bFundación Friedrich Ebert,
_c1994
300 _a196 p.
590 _aBATCH-UPD
_b10
_c20130110
_lUCH01
_h0112
590 _aBATCH-UPD
_b10
_c20130110
_lUCH01
_h1248
590 _aBATCH-UPD
_b10
_c20130410
_lUCH01
_h0811
590 _aBATCH-UPD
_b10
_c20130914
_lUCH01
_h1633
590 _aCONVERSION
_b10
_c20130109
_lUCH01
_h1332
650 1 4 _aIndustria
_xAdministración.
_957683
650 1 4 _aPolítica industrial.
_990665
650 1 4 _aRelaciones industriales.
_995817
650 1 4 _aTrabajo y trabajadores.
901 _aBK
942 _cLIBRO
949 _a338 P6
_bBC
_cLIBRO
_d33724000082723
_eLIBRO
_h90203
_i64809
_si
999 _c59675
_d59675